000 00592nam a22002297a 4500
999 _c6333
_d6333
001 6333
003 BD-JhCC
005 20210930134020.0
008 180121b xxu||||| |||| 00| 0 eng d
020 _a0905906438
035 _a(BD-JhCC)6333
040 _aBD-JhCC
_dBD-JhCC
041 _aeng
082 _a297.1977
_bCHO 1993
100 _aChoudhury, G. W.
245 _aIslam and the Modern Muslim World /
_c G. W. Choudhury
260 _aLondon :
_bScorpion Publishing Ltd,
_c1993.
300 _a240 p. :
_c22 cm.
650 _aIslam and state
942 _2ddc
_cBK
_05